Vikingos en la tierra verde /

Guardado en:
Autor Principal: Killia, Patricio.
Otros Autores: Vargas, Sebastián., Kenny, Gonzalo; il.
Formato: Libro
Publicado: Buenos Aires : Sm, 2012.
Series:El Barco de Vapor. Roja+ 12 Años / Cecilia Repetti ; 23
Materias:
Etiquetas: Agregar Etiqueta
Sin Etiquetas, Sea el primero en etiquetar este registro!
LEADER 00789nam a22002415a 4500
001 CEM.cems019925
008 230327s2012##################000#0#####d
005 20230327101217.0
245 1 0 |a Vikingos en la tierra verde /  |c Patricio Killian y Sebastián Vargas; ilustrado por Gonzalo Kenny. 
260 |a Buenos Aires :  |b Sm,  |c 2012. 
300 |a 244 p. 
490 0 |a El Barco de Vapor. Roja+ 12 Años / Cecilia Repetti ;  |v 23 
020 |a 9789875736993 
100 1 |a Killia, Patricio. 
700 1 |a Vargas, Sebastián. 
700 1 |a Kenny, Gonzalo; il. 
082 0 4 |a A863.4 
653 |a Literatura 
653 |a Literatura argentina 
653 |a Literatura infantil 
653 |a Novelas infantiles 
653 |a Novela 
859 |a CEMS  |b BIB. CEMS - Inicial y Primaria  |h A863.4  |i K555  |k IP  |p 6520  |t Ej.1